000 00602nam a2200217Ia 4500
005 20250508164730.0
008 008 250505s9999 xx 000 0 eng d
020 _a0-345-32704-7
037 _aTextual
040 _aFEDL
_beng
_cFEDL
041 _aeng
_2eng
084 _a331.31, FOR
_qFEDL
100 _aForastieri Valentina
_9267822
245 0 _aChildren at work: Health and safety risks
260 _aGeneva
_bInternational Labour Office
_c1997
300 _aix,138p.
365 _aCHF
_b25
546 _aMACESE
942 _cTEXL
_h331.31, FOR
999 _c1390812
_d1390812